000 00628nas a2200229 a 4500
001 71867
003 BD-RjUL
005 20211209082154.0
008 170508s1959 enkar 0 00a0eng d
035 _a(BD-RjUL)72083
040 _aANL
_beng
_dANL
_cBD-RjUL
041 _aeng
082 0 0 _223
_a537.24
_bPRO 1959
245 1 0 _aProgress in dielectrics /
_cJ. B. Birks and J. H. Schulman
260 _aLondin :
_bHeywood,
_c1959
300 _av. :
_bill. ;
_c25 cm.
505 _aVol. 1 -- V. 3 --
650 0 _aDielectrics
_9119032
700 _aBirks, J. B.
_9212584
700 _aSchulman, J. H.
_9212585
942 _2ddc
_cBK
999 _c71867
_d71867